| 000 | 01041nac a22002897a 4500 | ||
|---|---|---|---|
| 001 | BR9101527 | ||
| 003 | BR-BrBNA | ||
| 005 | 20240105121145.0 | ||
| 008 | 230509b bl.|||m| |||| 00| 0 por d | ||
| 040 |
_aBR-BrBNA _bpor _cBiblioteca Nacional de Agricultura |
||
| 072 | _aE16 | ||
| 090 | _a2110 BR9101527 | ||
| 100 | 1 | _aGriep, D.N. | |
| 100 | 1 | _aAmin, M.M. | |
| 110 | 1 |
_aComissao Executiva do Plano da Lavoura Cacaueira, Belem, PA (Brasil). Coordenadoria de Pesquisas _92093 |
|
| 245 | 1 | _aCustos de producao de cacau na amazonia brasileira: consideracoes gerais sobre o desempenho de 1989 | |
| 260 | 3 |
_aBelem, PA (Brasil): _c1990. |
|
| 300 | _a24 p. | ||
| 490 |
_aBoletim Tecnico - Comissao Executiva do Plano da Lavoura Cacaueira. Coordenadoria de Pesquisas (Brazil) _vNo. 7 _xISSN 0102-5511 |
||
| 500 | _a9 tables; 9 ref.; Summaries (En,Pt) | ||
| 650 | _aCACAU | ||
| 650 | _aCUSTO DE PRODUCAO | ||
| 650 | _aPRODUTIVIDADE | ||
| 650 | _aAMAZONIA | ||
| 909 |
_a202312 _bLúcia Elande _c55 _dLúcia Elande |
||
| 942 |
_2AGRIS _n0 _cMS |
||
| 999 |
_c283640 _d283640 |
||